| 000 | 00595nas a2200169 a 4500 | ||
|---|---|---|---|
| 008 | 191125c20179999||||||||||||||||| || u | ||
| 022 | _a9001000021486 | ||
| 050 | _aPER/RHM/SOM | ||
| 100 | _aJones, Terry | ||
| 245 | 1 | 0 |
_aClinical Otolaryngology _cEditor in Chief Terry Jones _h[serial] |
| 260 |
_aOxford _bWiley _c2017 |
||
| 300 | _aIllustrations | ||
| 362 | 1 | _a<p>Vol. 42/No.5-2015</p> | |
| 650 | _aOTOLARYNGOLOGY | ||
| 650 | _aCLINICAL MEDICINE | ||
| 995 |
_aSERIALS _eNov/Vol21/No42-2013 _FCBU-SCHOOL OF MEDICINE LIBRARY (Ndola) _jPER/RHM/SOM _M1 _UAVAILABLE _WDec 2, 2019 _y904410 _ZSerial (Print) |
||
| 999 |
_c31038 _d31038 |
||